Loading...
| Literature - European | 0 | 7 | 0 | 1 | 70 | 103 | 126.57 | 0 | 0 | 6.29 | 24.21 |
| Fine Arts - Painting and Sculpture | 0 | 7 | 0 | 0 | 70 | 30 | 88.43 | 1 | 1 | 19.63 | 33.39 |
| Literature - British | 0 | 5 | 0 | 0 | 50 | 49 | 75.00 | 1 | 3 | 20.73 | 31.82 |
| Literature - American | 0 | 3 | 0 | 0 | 30 | 71 | 120.33 | 0 | 0 | 5.17 | 6.03 |
| Mythology | 0 | 3 | 0 | 1 | 30 | 94 | 109.33 | 0 | 0 | 3.86 | 9.34 |
| Literature - World | 0 | 3 | 0 | 0 | 30 | 128 | 133.33 | 0 | 0 | 0.14 | 7.93 |
| Fine Arts - Other | 0 | 3 | 1 | 1 | 25 | 102 | 115.33 | 0 | 1 | 2.36 | 9.50 |
| Popular Culture | 0 | 2 | 0 | 2 | 20 | 131 | 134.50 | 0 | 0 | 0.25 | 16.67 |
| History - American | 0 | 2 | 0 | 0 | 20 | 88 | 91.50 | 0 | 0 | 4.65 | 4.96 |
| History - Other | 0 | 2 | 1 | 0 | 15 | 85 | 103.50 | 0 | 0 | 3.37 | 4.13 |
| History - European | 0 | 2 | 1 | 1 | 15 | 99 | 112.00 | 0 | 0 | 2.17 | 3.55 |
| Science - Biology | 0 | 2 | 1 | 2 | 15 | 104 | 109.00 | 0 | 0 | 0.17 | 2.73 |
| Philosophy | 0 | 2 | 1 | 0 | 15 | 98 | 108.50 | 0 | 0 | 1.78 | 8.26 |
| Religion | 0 | 2 | 1 | 1 | 15 | 119 | 119.00 | 0 | 0 | 0.70 | 4.21 |
| Science - Physics | 0 | 1 | 0 | 1 | 10 | 110 | 110.00 | 0 | 0 | 0.00 | 0.91 |
| Other Academic | 0 | 1 | 0 | 0 | 10 | 125 | 125.00 | 0 | 0 | 0.00 | 3.03 |
| Science - Chemistry | 0 | 1 | 0 | 0 | 10 | 106 | 106.00 | 0 | 0 | 0.85 | 1.82 |
| Fine Arts - Classical Music | 0 | 1 | 1 | 0 | 5 | 127 | 127.00 | 0 | 0 | 0.00 | 0.91 |
| Science - Other | 0 | 1 | 3 | 0 | -5 | 98 | 98.00 | 0 | 0 | 0.36 | 2.48 |